Нормален изглед
MARC изглед
- Петев, Тодор Тодоров
Вход 01. Лично име
001 - Контролен номер на записа
- Контролно поле: 108699
003 - Код на организацията, даваща контролен номер
- Контролно поле: BLK
005 - Дата и час на последна промяна на записа
- Контролно поле: 20240611153302.0
008 - Данни с фиксирана дължина – обща информация
- Данни с фиксирана дължина : 180403n| acnz|abbn | aba d
100 1# - ИМЕ НА ЛИЦЕ -ПЪРВИЧНА ИНТЕЛЕКТУАЛНА ОТГОВОРНОСТ
- Лично име: Петев, Тодор Тодоров
- Дати, свързани с автора: 1970 -
- Друга информация: Изкуствовед, философ.
942 ## - Системна служебна употреба
- Koha auth type: PERSO_NAME